000 00998nam a2200301 a 4500
001 4029228
003 OSt
005 20211111115636.0
008 971210s1998 maua 001 0 eng
010 _a 97223930
020 _a0750670681
038 _aKhadija
040 _aDLC
_cDLC
050 0 0 _aTL272.5
_b.R45 1998
082 0 0 _a629.27
_221
_bRIB
100 1 _aRibbens, William B.
_967961
245 1 0 _aUnderstanding Automotive Electronics /
_cby William B. Ribbens ; with contributions to previous editions by Norman P. Mansour ... [et al.].
250 _a4th ed.
260 _aBoston :
_bNewnes,
_cc1998.
300 _avii, 392 p. :
_bill. ;
_c24 cm.
500 _aIncludes index.
563 _aPB
650 0 _aAutomobiles
_xElectronic equipment.
_983852
700 1 _aMansour, Norman P.
_983896
906 _a7
_bcbc
_corignew
_d2
_encip
_f19
_gy-gencatlg
942 _2ddc
_cBK
999 _c31751
_d31751